|
|
|
|
| LEADER |
01795nam a2200421 i 4500 |
| 001 |
EBC2166810 |
| 003 |
MiAaPQ |
| 005 |
20200520144314.0 |
| 006 |
m o d | |
| 007 |
cr cnu|||||||| |
| 008 |
140117s2010 enka ob 100 0 eng d |
| 020 |
|
|
|z 9781905929795
|
| 020 |
|
|
|a 9781908258625
|q (electronic bk.)
|
| 035 |
|
|
|a (MiAaPQ)EBC2166810
|
| 035 |
|
|
|a (Au-PeEL)EBL2166810
|
| 035 |
|
|
|a (CaPaEBR)ebr10822288
|
| 035 |
|
|
|a (OCoLC)874813011
|
| 040 |
|
|
|a MiAaPQ
|b eng
|e rda
|e pn
|c MiAaPQ
|d MiAaPQ
|
| 050 |
|
4 |
|a HC79.P6
|b .P684 2010
|
| 082 |
0 |
|
|a 339.46
|2 23
|
| 245 |
0 |
0 |
|a Poverty :
|b malaise of development /
|c edited by Anne Boran.
|
| 264 |
|
1 |
|a Chester, [England] :
|b Chester Academic Press,
|c 2010.
|
| 264 |
|
4 |
|c 2010
|
| 300 |
|
|
|a 1 online resource (248 pages) :
|b illustrations.
|
| 336 |
|
|
|a text
|2 rdacontent
|
| 337 |
|
|
|a computer
|2 rdamedia
|
| 338 |
|
|
|a online resource
|2 rdacarrier
|
| 490 |
0 |
|
|a Issues in the Social Sciences Series ;
|v 6
|
| 500 |
|
|
|a "Papers from a conference held at the University of Chester November 2005."
|
| 504 |
|
|
|a Includes bibliographical references.
|
| 588 |
|
|
|a Description based on online resource; title from PDF title page (ebrary, viewed January 16, 2014).
|
| 590 |
|
|
|a Electronic reproduction. Ann Arbor, MI : ProQuest, 2015. Available via World Wide Web. Access may be limited to ProQuest affiliated libraries.
|
| 650 |
|
0 |
|a Poverty
|v Congresses.
|
| 655 |
|
4 |
|a Electronic books.
|
| 700 |
1 |
|
|a Boran, Anne.
|
| 776 |
0 |
8 |
|i Print version:
|t Poverty : malaise of development.
|d Chester, [England] : Chester Academic Press, c2010
|h xiii, 232 pages
|k Issues in the Social Sciences Series ; 6.
|z 9781905929795
|
| 797 |
2 |
|
|a ProQuest (Firm)
|
| 856 |
4 |
0 |
|u https://ebookcentral.proquest.com/lib/matrademy/detail.action?docID=2166810
|z Click to View
|